LEADER 00816nam0-22002771i-450- 001 990000042770403321 035 $a000004277 035 $aFED01000004277 035 $a(Aleph)000004277FED01 035 $a000004277 100 $a20011111d--------km-y0itay50------ba 101 0 $aita 105 $ay-------001yy 200 1 $aArchitectural presentation in opaque watercolor$etheory and technique$fChris Choate. 210 $aNew York$cReinhold publishing corporation$d1961 215 $a158 p.$cill.$d26 cm 676 $a720.28 700 1$aChoate,$bChris$03166 801 0$aIT$bUNINA$gRICA$2UNIMARC 901 $aBK 912 $a990000042770403321 952 $a13 G 65 13$b24194$fFINBC 959 $aFINBC 996 $aArchitectural presentation in opaque watercolor$9106455 997 $aUNINA DB $aING01 LEADER 02568nam 2200577 450 001 9910480023503321 005 20201001152511.0 010 $a0-271-07920-7 010 $a0-271-07922-3 024 7 $a10.4159/9780271079226 035 $a(CKB)3710000001055886 035 $a(OCoLC)1080549035 035 $a(MdBmJHUP)muse68691 035 $a(MiAaPQ)EBC6224767 035 $a(DE-B1597)584612 035 $a(DE-B1597)9780271079226 035 $a(EXLCZ)993710000001055886 100 $a20201001d2017 uy 0 101 0 $aeng 135 $aur|||||||nn|n 181 $ctxt$2rdacontent 182 $cc$2rdamedia 183 $acr$2rdacarrier 200 10$aFreedom and the cage $emodern architecture and psychiatry in Central Europe, 1890-1914 /$fLeslie Topp 210 1$aUniversity Park, Pennsylvania :$cPennsylvania State University Press,$d[2017] 210 4$dİ2017 215 $a1 online resource (xxii, 232 pages :)$cillustrations, maps ; 225 1 $aBuildings, landscapes, and societies 311 $a0-271-07710-7 320 $aIncludes bibliographical references (pages 219-228) and index. 327 $aThe free institution -- Regions, nationalism, and the asylum as a political project -- "A white city shimmering" : the rhetorical heightening of control -- Utopia in process in Vienna's hinterland -- Spaces -- Boundaries. 330 $a"Explores the issues surrounding the architectural design of insane asylums in the late nineteenth-century Habsburg Empire, including the paradox of maximizing individual freedom within an environment of involuntary confinement"--$cProvided by publisher. 410 0$aBuildings, landscapes, and societies. 606 $aHospital architecture$zEurope, Central$xHistory$y19th century 606 $aPsychiatric hospitals$zEurope, Central$xDesign and construction$xHistory$y20th century 606 $aPsychiatric hospitals$zEurope, Central$xDesign and construction$xHistory$y19th century 606 $aHospital architecture$zEurope, Central$xHistory$y20th century 608 $aElectronic books. 615 0$aHospital architecture$xHistory 615 0$aPsychiatric hospitals$xDesign and construction$xHistory 615 0$aPsychiatric hospitals$xDesign and construction$xHistory 615 0$aHospital architecture$xHistory 676 $a725.52094 700 $aTopp$b Leslie$f1969-$01026135 801 0$bMiAaPQ 801 1$bMiAaPQ 801 2$bMiAaPQ 906 $aBOOK 912 $a9910480023503321 996 $aFreedom and the cage$92440876 997 $aUNINA